Logo BPK

Biblioteka

Politechniki Koszalińskiej

Oddziaływanie helu na strukturę stopów niklu / (Rekord nr 28805)

Szczegóły MARC
000 -ETYKIETA REKORDU
podpole kontrolne o stałej długości 00600nam a2200169 i 4500
001 - NUMER KONTROLNY REKORDU
pole kontrolne bg
040 ## - ŹRÓDŁO KATALOGOWANIA
Instytucja, która utworzyła rekord BPK
041 ## - KOD JĘZYKA
Kod języka tekstu pol
080 ## - UNIWERSALNA KLASYFIKACJA DZIESIĘTNA - UKD
UKD 621.039.4/.6:669.2:546.1/.2
008 - POLE O STAŁEJ DŁUGOŚCI - DANE KONTROLNE
podpole kontrolne o stałej długości s pl f |000 0 pol
100 1# - NAZWA OSOBOWA
Nazwa osobowa CZYRSKA-FILEMONOWICZ, Aleksandra
245 #0 - TYTUŁ/ODPOWIEDZIALNOŚĆ
Tytuł Oddziaływanie helu na strukturę stopów niklu /
Pozostałe elementy strefy tytułu i oznaczenia odpowiedzialności A.Czyrska-Filomonowicz.
260 ## - STREFA ADRESU WYDAWNICZEGO
Miejsce wydania Wrocław,
Data publikacji, dystrybucji/powstania dokumentu 1989.
490 1# - STREFA SERII I DOKUMENTU WIELOCZĘŚCIOWEGO - FORMA NIE DO WYSZUKIWANIA
Tytuł i oznaczenie odpowiedzialności serii Prace Komisji Metalurgiczno-Odlewniczej / Polska Akademia Nauk. Metalurgia ;
Numeracja w obrębie serii nr 37
830 #0 - HASŁO DODATKOWE SERII LUB DOKUMENTU WIELOCZĘŚCIOWEGO - TYTUŁ UJEDNOLICONY
Tytuł ujednolicony Prace Komisji Metalurgiczno-Odlewniczej (Polska Akademia Nauk).
Nazwa części/sekcji dzieła Metalurgia ;
Oznaczenie tomu nr 37
856 ## - LOKALIZACJA I DOSTĘP DO ELEKTRONICZNYCH DOKUMENTÓW ZDALNYCH
Link (URL) http://koha.tu.koszalin.pl/cgi-bin/koha/opac-detail.pl?biblionumber=28805
Tekst linku Katalog online BPK
942 ## - DODATKOWE ELEMENTY (KOHA)
Typ dokumentu Książka
Egzemplarze
Wycofany Status egzemplarza Uszkodzony Dostępność Lokalizacja stała Lokalizacja bieżąca Miejsce przechowywania Sygnatura Kod kreskowy Typ dokumentu
      Dostępny Biblioteka Politechniki Koszalińskiej Biblioteka Politechniki Koszalińskiej Wypożyczalnia BG 34723 01596434 Książka
© 2023 Biblioteka Politechniki Koszalińskiej :: KOHA